00646nam a2200229 a 4500001001300000003000900013005001700022008004100039020001000080082001600090100002000106245001400126260003400140300000900174500003500183650002900218700002000247902000800267942000700275952011700282999001700399nice12345678IN_TiNIC20260116014328.0080605s2005 luca grp 000 0 urd  ac15000a297.64bCHI aChishti, Saayem aAl-Batool aLucknow bNizami Press c2005 a585p aincludes index and biblioraphy aMuhammad, Prophet-Family1 aChishti, Saayem bSRS cBK 001040708StackRoom-aHMIbHMId2008-06-11g150.00l0o297.64 CHIp022410r2008-06-11v150.00w2008-06-05yBK c14835d14835